000 00460nam a2200181Ia 4500
001 19560
005 20260306172702.0
008 260306t2006||||xx |||||||||||||| ||spa||
041 _aESP
082 _a340.4
_bS17
100 _aSaldaña, Quintiliano
_eAUT
245 0 _aEl hombre de toga:
_bcuatro ensayos sobre deontología forense
260 _c2006
300 _a138 páginas :
_c21 cm.
650 _aGEN
654 _aCDE
942 _cLIB
_dJUS
_fJUS
_2ddc
_n
999 _c19560
_d19560